| 000 | 00617nam a2200241 a 4500 | ||
|---|---|---|---|
| 001 | nice12345678 | ||
| 003 | IN_TiNIC | ||
| 005 | 20260116014050.0 | ||
| 008 | 110719s2007 newa grp 000 0 eng | ||
| 020 |
_a9780823226603 _c100 |
||
| 082 | 0 | 0 |
_a220.9 _bMAR |
| 100 | _aMarchadour, Alain | ||
| 245 | _aLand, the Bible, and History | ||
| 260 |
_aNew York _bFordham University Press _c2007 |
||
| 300 | _a239p | ||
| 500 | _aincludes index and biblioraphy | ||
| 505 | 2 | _anotes, biblio, index | |
| 650 | _aBible-Geography | ||
| 700 | 1 | _aMarchadour, Alain | |
| 902 | _bSRS | ||
| 942 | _cBK | ||
| 999 |
_c13723 _d13723 |
||